01545nam a2200361 i 450000500170000000700030001700800410002002000180006104000350007904100080011408200240012210000400014624500780018625000240026426400400028830000250032833600270035333700330038033800280041352100380044154500550047960000730053460000700060760000650067760000960074265000630083865000420090165000850094365000680102865100600109694200120115699900150116820220317002019.0ta201106r20162019ck ||||e |||| 00| 0dspa d a9789585894242 aCO-BoRNBPbspaerdacCO-BoRNBP0 aspa04aCo868.02 bA71g2221 aArango, Pablo Rolandod1975-eautor10aGrandes borrachos colombianos bborrachos grecocaldensescPablo R. Arango aCuarta impresión  1aBogotá bLibros Malpensantec2019 a86 páginas c17 cm 2rdacontentatextobtxt 2rdamediaasin mediaciónbn 2rdacarrieravolumenbnc aRecomendado para público adulto aIncluye datos biográficos del autor en la solapa1 aArango, Pablo RolandoxAnécdotas, chistes, sátiras, etc.91621881 aCruz, Jorge IvánxAnécdotas, chistes, sátiras, etc.91621891 aCastro, OscarxAnécdotas, chistes, sátiras, etc.91621901 aRamírez, Luis ÁngelcEl caballero gauchoxAnécdotas, chistes, sátiras, etc.9162191172LEMBaAlcohólicosxAnécdotas, chistes, sátiras, etc.172LEMBaLiteratura colombianaySiglo XX172LEMBaCaldensesxVida social y costumbresxAnécdotas, chistes, sátiras, etc.172LEMBaCiudades y pueblosxAnécdotas, chistes, sátiras, etc. 4aCaldas (Departamento)xVida social y costumbres9162194 2ddccBK c8893d8893